[Event "Frome op 32nd"]
[Site "Frome"]
[Date "2023.05.13"]
[Round "2"]
[White "Moyse, Nigel John"]
[Black "May, Adam John"]
[Result "1/2-1/2"]
[WhiteElo "1945"]
[BlackElo "1908"]
[PlyCount "115"]
[EventDate "2023.05.12"]
[EventType "swiss"]
[EventRounds "5"]
[EventCountry "ENG"]
[SourceTitle "EXT 2024"]
[Source "ChessBase"]
[SourceDate "2023.10.10"]
[SourceVersion "1"]
[SourceVersionDate "2023.10.10"]
[SourceQuality "1"]

1. e4 c6 2. d4 d5 3. exd5 cxd5 4. Bd3 Nc6 5. c3 Qc7 6. Na3 a6 7. Nc2 Nf6 8. Ne3 g6 9. Nf3 Bg7 10. 0-0 0-0 11. Nd2 b5 12. a3 Na5 13. f4 Nc4 14. Qe1 Nxe3 15. Qxe3 Bf5 16. Be2 h5 17. Nf3 Bg4 18. h3 Bxf3 19. Bxf3 Qd7 20. Bd2 a5 21. Rae1 Rfe8 22. Be2 Rab8 23. Bd3 e6 24. Qf3 b4 25. axb4 axb4 26. g4 bxc3 27. Bxc3 hxg4 28. hxg4 e5 29. fxe5 Qxg4+ 30. Qxg4 Nxg4 31. Rf4 f5 32. exf6 Rxe1+ 33. Bxe1 Nxf6 34. Bc3 g5 35. Rf5 g4 36. Kg2 Kf7 37. Rf1 Ke7 38. Ra1 Rb7 39. Bf5 Bh6 40. Kg3 Rb3 41. Ra7+ Kf8 42. Bc2 Rb8 43. Bg6 Kg8 44. Re7 Bc1 45. Re2 Kg7 46. Bf5 Rb3 47. Kh4 Kh6 48. Bc2 Rb8 49. Bd3 Bg5+ 50. Kg3 Rb3 51. Bc2 Rb8 52. Rh2+ Kg7 53. Re2 Bc1 54. Ba4 Bg5 55. Bc6 Rb3 56. Re5 Bc1 57. Ba4 Rb8 58. Re2 1/2-1/2

[Event "South Wales New Year op"]
[Site "Bridgend"]
[Date "2023.01.06"]
[Round "1"]
[White "May, Adam John"]
[Black "Rees, Ioan"]
[Result "0-1"]
[WhiteElo "1897"]
[BlackElo "2269"]
[PlyCount "54"]
[EventDate "2023.01.06"]
[EventType "swiss"]
[EventRounds "5"]
[EventCountry "WLS"]
[SourceTitle "EXT 2024"]
[Source "ChessBase"]
[SourceDate "2023.10.10"]
[SourceVersion "1"]
[SourceVersionDate "2023.10.10"]
[SourceQuality "1"]

1. d4 Nf6 2. Nf3 e6 3. g3 d5 4. Bg2 c5 5. 0-0 cxd4 6. Nxd4 e5 7. Nb3 Be6 8. Bg5 Nbd7 9. Nc3 Be7 10. e3 0-0 11. Qe2 Qc7 12. Rac1 Rad8 13. h3 d4 14. Nb5 Qc4 15. Qd3 h6 16. Bxf6 Nxf6 17. Rfd1 dxe3 18. Qxc4 exf2+ 19. Kxf2 Bxc4 20. Nc3 b6 21. Re1 Bd6 22. Rcd1 Bc7 23. Nd2 Ba6 24. Nf3 Rxd1 25. Rxd1 Re8 26. Nd5 Nxd5 27. Rxd5 e4 0-1

[Event "South Wales Late Summer op"]
[Site "Cardiff"]
[Date "2022.09.03"]
[Round "2"]
[White "Wang, Andy"]
[Black "May, Adam John"]
[Result "0-1"]
[WhiteElo "1424"]
[BlackElo "1941"]
[PlyCount "62"]
[EventDate "2022.09.02"]
[EventType "swiss"]
[EventRounds "5"]
[EventCountry "WLS"]
[SourceTitle "EXT 2024"]
[Source "ChessBase"]
[SourceDate "2023.10.10"]
[SourceVersion "1"]
[SourceVersionDate "2023.10.10"]
[SourceQuality "1"]

1. d4 d5 2. Bf4 Nf6 3. Nf3 c5 4. e3 Nc6 5. c3 cxd4 6. cxd4 a6 7. Nbd2 Bf5 8. Qa4 b5 9. Qb3 Na5 10. Qd1 e6 11. Be2 Be7 12. h3 h6 13. 0-0 0-0 14. a3 Qb6 15. b4 Nc4 16. Nxc4 bxc4 17. Qa4 Rfc8 18. Rac1 Qb5 19. Bd1 Nd7 20. Bc2 Nb6 21. Qxb5 axb5 22. Bxf5 exf5 23. Rc3 Nd7 24. Nd2 Nf6 25. f3 Ra7 26. Bg3 Rca8 27. Bh4 Rxa3 28. Bxf6 Bxf6 29. Nb1 R3a4 30. Nd2 f4 31. exf4 Bxd4+ 0-1

[Event "Cardiff Welsh op"]
[Site "Cardiff"]
[Date "2022.04.15"]
[Round "2"]
[White "May, Adam John"]
[Black "Di Vetta, Andrew"]
[Result "1-0"]
[WhiteElo "1950"]
[BlackElo "1726"]
[PlyCount "79"]
[EventDate "2022.04.15"]
[EventType "swiss"]
[EventRounds "7"]
[EventCountry "WLS"]
[SourceTitle "CBM 207 Extra"]
[Source "ChessBase"]
[SourceDate "2022.05.31"]
[SourceVersion "1"]
[SourceVersionDate "2022.05.31"]
[SourceQuality "1"]

1. d4 d5 2. Nf3 c6 3. g3 Bf5 4. Bg2 Nf6 5. c4 e6 6. Nc3 Bb4 7. Qb3 Qe7 8. c5 Ba5 9. Bf4 Ne4 10. 0-0 f6 11. Nxe4 Bxe4 12. Bd6 Qd7 13. Bh3 Kf7 14. Ne1 Na6 15. f3 Bg6 16. Rd1 Nc7 17. a4 Rhe8 18. Nd3 Bxd3 19. Rxd3 Na6 20. e4 Nb4 21. Rdd1 Qd8 22. f4 g6 23. f5 exf5 24. exf5 g5 25. Rde1 Qd7 26. Re6 Na6 27. Qa3 h5 28. Rf2 g4 29. Rfe2 gxh3 30. Qf3 Kg8 31. Re7 Rxe7 32. Rxe7 Qxe7 33. Bxe7 Bd8 34. Bd6 Bc7 35. Qxh5 Bxd6 36. Qg6+ Kh8 37. Qxf6+ Kg8 38. cxd6 Rf8 39. Qg6+ Kh8 40. f6 1-0

[Event "EU-Cup 35th"]
[Site "Ulcinj"]
[Date "2019.11.15"]
[Round "6.32"]
[White "Darnell, Anton"]
[Black "May, Adam John"]
[Result "1/2-1/2"]
[WhiteElo "2044"]
[BlackElo "1938"]
[PlyCount "60"]
[EventDate "2019.11.10"]
[EventType "team-swiss"]
[EventRounds "7"]
[EventCountry "MNE"]
[SourceTitle "EXT 2021"]
[Source "ChessBase"]
[SourceDate "2020.10.23"]
[SourceVersion "1"]
[SourceVersionDate "2020.10.23"]
[SourceQuality "1"]
[WhiteTeam "Baerum"]
[BlackTeam "White Knights"]
[WhiteTeamCountry "DEN"]
[BlackTeamCountry "ENG"]

1. e4 c6 2. d4 d5 3. Nc3 dxe4 4. Nxe4 Bf5 5. Ng3 Bg6 6. h4 h6 7. Nf3 Nd7 8. h5 Bh7 9. Bd3 Bxd3 10. Qxd3 e6 11. Bd2 Ngf6 12. 0-0-0 Be7 13. Ne4 Nxe4 14. Qxe4 Nf6 15. Qe2 Qd5 16. c4 Qe4 17. Qxe4 Nxe4 18. Be3 f5 19. Rhe1 0-0 20. g3 Rfd8 21. Ne5 Bf6 22. Ng6 Kf7 23. Rg1 a5 24. f3 Nd6 25. b3 a4 26. Ne5+ Kf8 27. Bf4 axb3 28. axb3 Bxe5 29. Bxe5 Nf7 30. Kb2 Ng5 1/2-1/2

[Event "South Wales op 16th"]
[Site "Cardiff"]
[Date "2019.07.07"]
[Round "1"]
[White "May, Adam John"]
[Black "Nasuta, Grzegorz"]
[Result "0-1"]
[WhiteElo "1917"]
[BlackElo "2529"]
[PlyCount "48"]
[EventDate "2019.07.07"]
[EventType "swiss"]
[EventRounds "9"]
[EventCountry "WLS"]
[SourceTitle "CBM 191 Extra"]
[Source "ChessBase"]
[SourceDate "2019.09.30"]
[SourceVersion "1"]
[SourceVersionDate "2019.09.30"]
[SourceQuality "1"]

1. c4 e5 2. g3 Nf6 3. Bg2 d5 4. cxd5 Nxd5 5. Nc3 Ne7 6. Nf3 Nbc6 7. 0-0 g6 8. b4 Bg7 9. b5 Nd4 10. e3 Nxf3+ 11. Qxf3 a6 12. bxa6 Rxa6 13. Rb1 0-0 14. a4 Re8 15. Qe2 b6 16. Ba3 Ra5 17. Bb4 Ba6 18. Nb5 Rxa4 19. Bxe7 Rxe7 20. Bc6 Re6 21. Ra1 Ra5 22. Rxa5 bxa5 23. Rc1 Qb8 24. Bd7 Rd6 0-1

[Event "South Wales New Year op"]
[Site "Bridgend"]
[Date "2019.01.04"]
[Round "1"]
[White "Kett, Timothy"]
[Black "May, Adam John"]
[Result "1/2-1/2"]
[WhiteElo "2209"]
[BlackElo "1894"]
[PlyCount "54"]
[EventDate "2019.01.04"]
[EventType "swiss"]
[EventRounds "5"]
[EventCountry "WLS"]
[SourceTitle "EXT 2020"]
[Source "ChessBase"]
[SourceDate "2019.10.17"]
[SourceVersion "1"]
[SourceVersionDate "2019.10.17"]
[SourceQuality "1"]

1. e4 c6 2. d4 d5 3. exd5 cxd5 4. c4 Nf6 5. Nc3 Nc6 6. Nf3 g6 7. cxd5 Nxd5 8. Qb3 Nxc3 9. Bc4 Nd5 10. Bxd5 e6 11. Bxc6+ bxc6 12. 0-0 Qd5 13. Qc3 f6 14. Bf4 Be7 15. Rac1 Bd7 16. a3 g5 17. Bg3 h5 18. h4 g4 19. Ne1 c5 20. dxc5 Bb5 21. c6 Bxf1 22. Kxf1 Kf7 23. Nd3 e5 24. Bxe5 fxe5 25. Nxe5+ Kg7 26. Nxg4+ Kg6 27. Ne3 Qe4 1/2-1/2

[Event "South Wales Autumn op"]
[Site "Newport"]
[Date "2018.11.18"]
[Round "5"]
[White "Van Kemenade, Rudy"]
[Black "May, Adam John"]
[Result "1-0"]
[WhiteElo "1953"]
[BlackElo "1913"]
[PlyCount "95"]
[EventDate "2018.11.16"]
[EventType "swiss"]
[EventRounds "5"]
[EventCountry "WLS"]
[SourceTitle "EXT 2020"]
[Source "ChessBase"]
[SourceDate "2019.10.17"]
[SourceVersion "1"]
[SourceVersionDate "2019.10.17"]
[SourceQuality "1"]

1. f4 d5 2. Nf3 Bg4 3. e3 Nd7 4. h3 Bxf3 5. Qxf3 c6 6. d4 e6 7. c4 Ngf6 8. Nc3 Bd6 9. Bd3 Qe7 10. 0-0 0-0 11. e4 dxe4 12. Nxe4 Nxe4 13. Bxe4 Nf6 14. Bc2 c5 15. dxc5 Bxc5+ 16. Be3 Rac8 17. Rac1 Rfd8 18. Rfd1 b6 19. Rxd8+ Rxd8 20. Rd1 Rxd1+ 21. Bxd1 g6 22. Kf1 Bxe3 23. Qxe3 Qc7 24. Qd4 Nd7 25. b4 h6 26. Ba4 Nb8 27. c5 bxc5 28. bxc5 Na6 29. c6 Nb8 30. Ke2 a5 31. Qe5 Na6 32. Kd3 Kf8 33. Qxc7 Nxc7 34. Kc4 Ke7 35. Kc5 g5 36. fxg5 hxg5 37. g3 f5 38. h4 gxh4 39. gxh4 Nd5 40. Bd1 Nb4 41. a3 Nxc6 42. Kxc6 e5 43. Kd5 Kf6 44. Bf3 e4 45. Be2 Kg6 46. Ke5 a4 47. Bd1 e3 48. Kf4 1-0